Zodpovednosť za škodu pri pracovných úrazoch a chorobách z povolania

Zásadou pri odškodňovaní pracovných úrazov a chorôb z povolania je objektívna zodpovednosť zamestnávateľa. Zákonné poistenie zodpovednosti zamestnávateľa za škodu pri pracovnom úraze alebo chorobe z povolania.

Guardado en:
Detalles Bibliográficos
Autor principal: Jendrálová, Anna
Formato: Capítulo de libro
Lenguaje:eslovaco
Materias:
Etiquetas: Agregar Etiqueta
Sin Etiquetas, Sea el primero en etiquetar este registro!

MARC

LEADER 00000naa a2200000 4500
001 r034628
005 20230925071918.0
041 0 |a slo 
044 |a SK 
245 1 0 |a Zodpovednosť za škodu pri pracovných úrazoch a chorobách z povolania  |c Anna Jendrálová 
520 |a Zásadou pri odškodňovaní pracovných úrazov a chorôb z povolania je objektívna zodpovednosť zamestnávateľa. Zákonné poistenie zodpovednosti zamestnávateľa za škodu pri pracovnom úraze alebo chorobe z povolania. 
610 2 0 |a zodpovednosť za škody 
610 2 0 |a úrazy pracovné 
610 2 0 |a choroby z povolania 
610 2 0 |a zamestnanci 
610 2 0 |a zamestnávatelia 
610 2 0 |a poistenie zákonné 
610 2 0 |a poistenie zodpovednosti za škody 
610 2 0 |a náhrada škody 
100 1 |a Jendrálová, Anna